La Eneida

Αποθηκεύτηκε σε:
Λεπτομέρειες βιβλιογραφικής εγγραφής
Κύριοι συγγραφείς: Virgilio (Συγγραφέας), Virgilio Marón, Publio (Συγγραφέας)
Μορφή: Βιβλίο
Γλώσσα:Ισπανικά
Έκδοση: Barcelona RBA Coleccionables 1999
Σειρά:Historia de la Literatura
Θέματα:
Ετικέτες: Προσθήκη ετικέτας
Δεν υπάρχουν, Καταχωρήστε ετικέτα πρώτοι!

MARC

LEADER 00000nam a2200000 a 4500
001 UCH8414
003 CL-VaPUC
008 091127e19990000SP |||||||||||||||||spa|d
020 |a 8447301176 
020 |a 844730390X 
082 0 4 |a 873  |b VIR  |2 21 
100 0 |a Virgilio  |e author  |9 266332 
700 0 |a Virgilio Marón, Publio  |e author  |9 266333 
245 1 3 |a La Eneida 
300 |a 466 p 
942 |c BK 
945 |d 20091127 00:00:00 
260 |a Barcelona  |b RBA Coleccionables  |c 1999 
600 0 7 |a VIRGILIO MARON, PUBLIO  |2 CL-VaPUC  |9 266333 
650 0 |a Poesías épicas latinas   |9 265355 
650 7 |a POESIAS LATINAS  |2 CL-VaPUC  |9 545012 
583 |a last modification  |c 20121218 08:02:30  |k Rodrigo Vera 
490 0 |a Historia de la Literatura 
999 |c 338628  |d 338626